All Cube Escape/Rusty Lake Series Games’ Name - Statistics

General Stats
  • This quiz has been taken 53 times
  • The average score is 15 of 17
Answer Stats
Hint Answer % Correct
2015 Cube Escape: Seasons
97%
2017 Cube Escape: The Cave
97%
2015 Cube Escape: The Lake
97%
2015 Cube Escape: The Mill
95%
2015 Rusty Lake Hotel
95%
2016 Rusty Lake Roots
95%
2016 Cube Escape: Birthday
92%
2015 Cube Escape: Arles
90%
2018 Cube Escape: Paradox
90%
2015 Cube Escape: Case 23
87%
2015 Cube Escape: Harvey's Box
87%
2018 Rusty Lake Paradise
87%
2023 Underground Blossom
82%
2020 The White Door
79%
2016 Cube Escape: Theatre
77%
2022 The Past Within
77%
2020 Samsara Room
74%
No matching quizzes found
Score Distribution
Percent of People with Each Score
Percentile by Number Answered
Your Score History
You have not taken this quiz